| 000 | 01224 a2200205 4500 | ||
|---|---|---|---|
| 001 | 59006 | ||
| 005 | 20260407155844.0 | ||
| 008 | 260407a1968 arg spa d | ||
| 003 | AR-UNSa-BCEJYS | ||
| 040 |
_aAR-UNSa-BCEJYS _bspa _cAR-UNSa-BCEJYS |
||
| 080 |
_a339.9 _xEconomía internacional en general. Relaciones económicas internacionales. Economía mundial |
||
| 245 | 1 | 0 |
_aEl capital monopolista _pensayo sobre el orden económico y social de Estados Unidos |
| 264 | 1 |
_aMéxico : _bSiglo Veintiuno editores _c1968 |
|
| 300 |
_a311 p. _c20 cm. |
||
| 505 | _a1. La corporación gigante – 2. La tendencia creciente de los excedentes – 3. La absorción de los excedentes: consumo e inversión de los capitalistas – 4. La absorción de los excedentes: las campañas de venta – 5. La absorción de excedentes: gobierno civil – 6. La absorción de excedentes: militarismo e imperialismo – 7. Sobre la historia del capitalismo monopolista – 8. El capitalismo monopolista y las relaciones raciales – 9. Sobre la calidad de la sociedad capitalista monopolista – 10. El sistema irracional | ||
| 942 | _cBK | ||
| 590 | _aniveau_biblio:m niveau_hierar:0 | ||
| 100 | 1 | _aBaran, Paul A. | |
| 700 | 1 | _aSweezy, Paul M. | |
| 999 |
_c6559 _d6559 |
||